000 00498nam a2200181Ia 4500
005 20250326124729.0
008 250326s9999 xx 000 0 und d
037 _aTextbook
040 _aFMSL
_beng
_cFMSL
041 _aeng
_2eng
084 _aX:89A M1;8
_qFMSL
100 _aDervitsiotis K N
245 0 _aOperation management
_cDervitsiotis K N
260 _aNew Delhi
_bNew Delhi, McGraw-Hill
_c1981
300 _a771p
942 _cTB
_hX:89A M1;8
999 _c1274960
_d1274960